[Event "Niort op 1st"]
[Site "Niort"]
[Date "2004.07.07"]
[Round "4"]
[White "Bouvier, Bruno"]
[Black "Sauvaget, Frank"]
[Result "1-0"]
[WhiteElo "2260"]
[BlackElo "1820"]
[PlyCount "59"]
[EventDate "2004.07.05"]
[EventType "swiss"]
[EventRounds "7"]
[EventCountry "FRA"]
[SourceTitle "CBM 101 Extra"]
[Source "ChessBase"]
[SourceDate "2004.09.01"]
[SourceVersion "2"]
[SourceVersionDate "2004.09.01"]
[SourceQuality "1"]

1. e4 e6 2. d4 d5 3. e5 c5 4. c3 Nc6 5. Nf3 Nge7 6. dxc5 Ng6 7. Be3 Ngxe5 8. Nxe5 Nxe5 9. Nd2 Be7 10. f4 Ng6 11. Nf3 Qc7 12. Qd4 Bf6 13. Qd2 Bd7 14. h4 Rc8 15. h5 Ne7 16. h6 g6 17. Bd4 Bxd4 18. cxd4 b6 19. Rc1 Qb7 20. Rc3 f6 21. Bd3 Kf7 22. Kf2 Rhe8 23. a3 a5 24. Rb3 b5 25. Bxb5 Bxb5 26. a4 Qc7 27. axb5 Ra8 28. Ra3 g5 29. fxg5 e5 30. gxf6 1-0